Komisja Edukacji Narodowej z perspektywy XXI wieku w 240. rocznicę utworzenia

Titel: Komisja Edukacji Narodowej z perspektywy XXI wieku w 240. rocznicę utworzenia / pod red. Elwiry J. Kryńskiej, Małgorzaty Głoskowskiej-Sołdatow
Beteiligt:
Veröffentlicht: Białystok : Wydawnictwo Uniwersytetu w Białymstoku, 2014
Umfang: 206 s. : il. ; 24 cm
Format: Buch
Sprache: Polnisch
Schlagworte:
ISBN: 9788374314114 ; 8374314117
Buchumschlag
X
alg: 44767129
001A    $03025:11-04-19 
001B    $01999:08-11-24 $t21:38:44.000 
001D    $03025:11-04-19 
001U    $0utf8 
001X    $00 
002@    $0Aax 
002C    $aText $btxt $2rdacontent 
002D    $aohne Hilfsmittel zu benutzen $bn $2rdamedia 
002E    $aBand $bnc $2rdacarrier 
003@    $0447671294 
004A    $A978-83-7431-411-4 
004D    $08374314117 
006C    $0913191315 $aOCoLC 
007A    $0BV042643732 $aBVB 
009P    $qapplication/pdf $3Inhaltsverzeichnis $uhttp://bvbr.bib-bvb.de:8991/F?func=service&doc_library=BVB01&local_base=BVB01&doc_number=028076053&sequence=000002&line_number=0001&func_code=DB_RECORDS&service_type=MEDIA $mDigitalisierung BSB Muenchen 19 - ADAM Catalogue Enrichment 
010@    $apol 
011@    $a2014 $n2014 
021A    $aKomisja Edukacji Narodowej z perspektywy XXI wieku w 240. rocznicę utworzenia $hpod red. Elwiry J. Kryńskiej, Małgorzaty Głoskowskiej-Sołdatow 
028C    $BHerausgeber $4edt $D20231015 $Ecgwrk $8Kryńska, Elwira Jolanta$Z1956- [Tp3] $9450547299 
033A    $pBiałystok $nWydawnictwo Uniwersytetu w Białymstoku 
034D    $a206 s. 
034I    $a24 cm 
034M    $ail. 
037A    $aBibliogr. 187-195. Indeks 
044K    $#Komisja Edukacji Narodowej Polen $#Polen, Komisya Edukacyi Narodowej $#Komisya Edukacyi Narodowej Polen $#Polen, Kommissya Edukacyjna $#Kommissya Edukacyjna Polen $#Polen, Komisja nad Edukacja̜ Młodzi Szlacheckiej Dozór Maja̜ca $#Komisja nad Edukacja̜ Młodzi Szlacheckiej Dozór Maja̜ca Polen $#Polen, Kommission für Nationale Edukation $#Kommission für Nationale Edukation Polen $#Polen, Commission d'Éducation Nationale $#CEN $#Commission d'Éducation Nationale Polen $#Polen, Commissio Educationis Nationalis $#Commissio Educationis Nationalis Polen $#KEN $#Polen, KEN $75047277-X $8Polen$bKomisja Edukacji Narodowej [Tb1] $9044624077 
045T    $a7,41 

lok: 44767129 78

exp: 44767129 78 1 #EPN
201B/01 $011-04-19 $t14:12:20.000 
201C/01 $011-04-19 
201U/01 $0utf8 
203@/01 $01050076788 
208@/01 $a11-04-19 $be 
209A/01 $a/ $f000 $x00 
209A/01 $ab*p $x01 
220C/01 $apgar 
244Z/01 $#Generalgouvernement Polen $#Polska $#Rzeczpospolita Polska $#Polska Rzeczpospolita Ludowa $#Poland $#Pologne $#République Polonaise $#Generalne Gubernatorstwo w Polsce $#Polish People's Republic $#Polska Rzeczpospolita Polen $#PRL $#RP $#Polen Generalgouvernement $#Polska Generalgouvernement $#Besetzte Polnische Gebiete $#Besetztes Gebiet in Polen $#Okupowane Polskie Obszary $#Obszary Okupowane w Polsce $#Volksrepublik Polen $#Polska Rosyjska $#Republic Polen $#Respublika Pol'ša $#Pol'skaja Narodnaja Respublika $#République de Pologne $#Polen Links der Weichsel $#Polska po Lewej Stronie Wisły $#Lenkija $#Polija $#Gubernija Carstva Pol'skago $#Republik Polen $74046496-9 $8--Tg1--Polen $x01 $9085129801 
247C/01 $82080>Marburg/Lahn, Herder-Institut, Forschungsbibliothek, Bibliographieportal $9336309341
LEADER 00000cam a22000002c 4500
001 447671294
003 DE-603
005 20241108213844.0
007 tu
008 190411s2014 xx |||| | u00||u|pol c
020 |a 9788374314114 
020 |z 8374314117 
035 |a (DE-599)BVBBV042643732 
040 |a DE-603  |b ger  |c DE-603  |d DE-603 
041 |a pol 
084 |a 7,41  |2 ssgn 
245 0 0 |a Komisja Edukacji Narodowej z perspektywy XXI wieku w 240. rocznicę utworzenia  |c pod red. Elwiry J. Kryńskiej, Małgorzaty Głoskowskiej-Sołdatow 
264 1 |a Białystok  |b Wydawnictwo Uniwersytetu w Białymstoku  |c 2014 
300 |a 206 s.  |b il.  |c 24 cm 
336 |a Text  |b txt  |2 rdacontent 
337 |a ohne Hilfsmittel zu benutzen  |b n  |2 rdamedia 
338 |a Band  |b nc  |2 rdacarrier 
500 |a Bibliogr. 187-195. Indeks 
610 1 7 |a Polen  |b Komisja Edukacji Narodowej  |2 gnd  |0 (DE-588)5047277-X  |0 (DE-603)044624077 
700 1 |a Kryńska, Elwira Jolanta  |d 1956-  |e Herausgeber  |4 edt  |0 (DE-603)450547299  |0 (DE-588)1189943808  |2 gnd 
856 4 2 |m Digitalisierung BSB Muenchen 19 - ADAM Catalogue Enrichment  |q application/pdf  |u http://bvbr.bib-bvb.de:8991/F?func=service&doc_library=BVB01&local_base=BVB01&doc_number=028076053&sequence=000002&line_number=0001&func_code=DB_RECORDS&service_type=MEDIA  |3 Inhaltsverzeichnis 
924 0 |9 2080  |a (DE-603)1050076788  |b DE-2080  |c HES  |d d  |g /